| 000 | 00869nam a22002777a 4500 | ||
|---|---|---|---|
| 003 | OSt | ||
| 005 | 20220107122857.0 | ||
| 008 | 200124b xxu||||| |||| 00| 0 eng d | ||
| 020 | _a9781138587304 | ||
| 040 | _cIIITMK | ||
| 082 | _a006.31 GUP/M | ||
| 100 |
_aGupta, Brij B (Ed.) _917489 |
||
| 245 |
_aMachine learning for computer and cyber security : _bPrinciples, algorithms and practices _cBrij B Gupta |
||
| 260 |
_aBoca Raton, _bCRC Press, _c2019. |
||
| 300 | _axiv, 352p | ||
| 440 |
_aCyber ecosystem and security series _917491 |
||
| 650 |
_aCOMPUTER SCIENCE _917716 |
||
| 650 |
_aCOMPUTER SECURITY _917717 |
||
| 650 |
_aCYBER SECURITY _917718 |
||
| 650 |
_aMACHINE LEARNING _917719 |
||
| 650 |
_aDATA MINING _917720 |
||
| 650 |
_aCYBER ECOSYSTEM _917721 |
||
| 650 |
_aARTIFICIAL INTELLIGENCE _917722 |
||
| 700 |
_aSheng, Michael _917490 |
||
| 942 |
_2ddc _cBK |
||
| 999 |
_c6691 _d6691 |
||